Statistiques concernant Personnages du MCU de A à Z en images

Cliquez ici pour prendre le quiz!

Statistiques générales

  • Ce quiz a été pris 318 fois
    (46 depuis la dernière actualisation)
  • Le résultat moyen est 13 sur 26

Statistiques - réponses

Réponse% Correct
Groot
98%
Iron Man
98%
Loki
93%
Vision
93%
Nick Fury
91%
Ultron
88%
Pepper Potts
84%
Jane Foster
72%
Ronan
67%
Wong
65%
Happy Hogan
63%
Shang-chi
60%
Okoye
51%
America Chavez
49%
Yelena Belova
47%
M'Baku
42%
Talos
30%
Ebony Maw
26%
Druig
23%
Kaecilius
19%
Bao
14%
Crossbones}
14%
Fandral
14%
Zuri
9%
XoluM
2%
Quaz
0%

Distribution des résultats

Percentile par nombre de réponses

% des personnes avec chaque résultat

Votre développement - résultats

Vous n’avez pas pris ce quiz depuis la dernière actualisation